[Event "I Festival di Pavia A"]
[Site "Vigevano ITA"]
[Date "2009.02.15"]
[Round "4"]
[White "Astengo, Marcello"]
[Black "Ceccarini, Marco"]
[Result "0-1"]
[WhiteElo "2123"]
[BlackElo "2091"]
[PlyCount "68"]
[EventDate "2009.02.13"]

1. d4 g6 2. c4 Bg7 3. e4 d6 4. Nc3 Nc6 5. Be3 e5 6. d5 Nce7 7. c5 f5 8. cxd6
cxd6 9. Qa4+ Kf8 10. f3 Bh6 11. Bxh6+ Nxh6 12. Qb4 a6 13. Bd3 Kg7 14. a4 Rf8
15. h3 fxe4 16. fxe4 Neg8 17. Nf3 Nf6 18. Rc1 Nh5 19. Ne2 Nf4 20. Nxf4 Rxf4 21.
O-O g5 22. Qc3 Rf7 23. g4 Qb6+ 24. Kg2 Bxg4 25. Nxe5 Bxh3+ 26. Kxh3 dxe5 27.
Qxe5+ Kg8 28. Qxg5+ Rg7 29. Qf6 Qe3+ 30. Qf3 Qd4 31. Rcd1 Nf7 32. Bb1 Ng5+ 33.
Kg3 Nxf3+ 34. Kxf3 Rf8+ 0-1

[Event "I Festival di Pavia A"]
[Site "Vigevano ITA"]
[Date "2009.02.15"]
[Round "4"]
[White "Bove, Alessandro"]
[Black "Cappai, Davide"]
[Result "1-0"]
[WhiteElo "2288"]
[BlackElo "2120"]
[PlyCount "79"]
[EventDate "2009.02.13"]

1. e4 c5 2. Nf3 Nc6 3. d4 cxd4 4. Nxd4 Nf6 5. Nc3 d6 6. Bg5 a6 7. Qd2 e6 8.
O-O-O h6 9. Be3 Be7 10. f4 Nxd4 11. Bxd4 b5 12. Kb1 Bb7 13. Bd3 O-O 14. e5 dxe5
15. fxe5 Nd5 16. Ne4 Rc8 17. c3 b4 18. c4 Nb6 19. Nf6+ Bxf6 20. exf6 Nxc4 21.
Bxc4 Rxc4 22. fxg7 Be4+ 23. Ka1 Re8 24. Qxh6 Bh7 25. Bf6 Qb6 26. Rd7 Qf2 27.
Rxf7 Kxf7 28. g8=Q+ Rxg8 29. Qxh7+ Kxf6 30. Qxg8 Rc2 31. h4 Qxg2 32. Qf8+ Ke5
33. Re1+ Re2 34. Qc5+ Kf4 35. Qxb4+ Qe4 36. Qxe4+ Rxe4 37. Rxe4+ Kxe4 38. h5
Kf5 39. h6 Kg6 40. b4 1-0

[Event "I Festival di Pavia A"]
[Site "Vigevano ITA"]
[Date "2009.02.15"]
[Round "4"]
[White "Brenco, Marco"]
[Black "Gabetto, Flaviano"]
[Result "0-1"]
[WhiteElo "2068"]
[BlackElo "2124"]
[PlyCount "140"]
[EventDate "2009.02.13"]

1. c4 e6 2. Nc3 f5 3. g3 Nf6 4. Bg2 d5 5. d4 c6 6. Nf3 Bd6 7. Bf4 O-O 8. Bxd6
Qxd6 9. O-O Nbd7 10. cxd5 exd5 11. Qc2 Ne4 12. Ne1 Qh6 13. Nd3 Ndf6 14. Ne5 Ng5
15. e3 Nh3+ 16. Kh1 Ng4 17. Nxg4 fxg4 18. Qe2 Ng5 19. f4 gxf3 20. Bxf3 Bh3 21.
Bg2 Bxg2+ 22. Qxg2 Qe6 23. Qe2 Ne4 24. Kg2 Nxc3 25. bxc3 Qe4+ 26. Kg1 Rae8 27.
Rxf8+ Rxf8 28. Re1 Rf3 29. Qg2 h5 30. h3 g5 31. Re2 g4 32. h4 Qb1+ 33. Kh2 Qd3
34. Rb2 Rxe3 35. Qf2 Rf3 36. Qe1 Re3 37. Qf2 Qe4 38. Qf6 Re2+ 39. Rxe2 Qxe2+
40. Kg1 Qe1+ 41. Kg2 Qe4+ 42. Kf2 Qc2+ 43. Kf1 Qd1+ 44. Kf2 Qd2+ 45. Kf1 Qd3+
46. Kf2 Qf3+ 47. Qxf3 gxf3 48. Kxf3 Kf7 49. g4 hxg4+ 50. Kxg4 b5 51. Kf5 a5 52.
a3 c5 53. Kf4 cxd4 54. cxd4 b4 55. axb4 a4 56. b5 Ke6 57. b6 Kd6 58. b7 Kc7 59.
h5 Kxb7 60. h6 a3 61. h7 a2 62. h8=Q a1=Q 63. Qg7+ Kc6 64. Qf6+ Kb5 65. Ke5 Qa8
66. Qd6 Kc4 67. Qc5+ Kd3 68. Qb5+ Kc3 69. Qc5+ Kd3 70. Kd6 Ke4 0-1

[Event "I Festival di Pavia A"]
[Site "Vigevano ITA"]
[Date "2009.02.15"]
[Round "4"]
[White "Burlando, Alessandro"]
[Black "Pokorna, Regina"]
[Result "0-1"]
[WhiteElo "2171"]
[BlackElo "2384"]
[PlyCount "44"]
[EventDate "2009.02.13"]

1. d4 d5 2. c4 e6 3. Nc3 c5 4. cxd5 exd5 5. Nf3 Nc6 6. g3 Nf6 7. Bg2 Be7 8. O-O
O-O 9. Bg5 cxd4 10. Nxd4 h6 11. Be3 Re8 12. h3 Bf8 13. Qa4 Na5 14. Rad1 Bd7 15.
Qc2 Rc8 16. Nf5 Nc4 17. Bd4 Ne4 18. Ne3 Nxe3 19. Bxe3 Nxg3 20. Rxd5 Nxf1 21.
Kxf1 Qe7 22. Bxa7 b5 0-1

[Event "I Festival di Pavia A"]
[Site "Vigevano ITA"]
[Date "2009.02.15"]
[Round "4"]
[White "Calavalle, Giulio"]
[Black "Yakovich, Yuliya"]
[Result "1-0"]
[WhiteElo "2267"]
[BlackElo "2125"]
[PlyCount "69"]
[EventDate "2009.02.13"]

1. e4 e5 2. Nc3 Nf6 3. Bc4 Nc6 4. d3 Na5 5. Nge2 Nxc4 6. dxc4 Bc5 7. Ng3 d6 8.
Na4 Bb6 9. Nxb6 axb6 10. O-O Be6 11. b3 O-O 12. f4 exf4 13. Bxf4 Nd7 14. a4 Nc5
15. Qh5 Qe8 16. Rae1 f6 17. Qf3 Qg6 18. Bd2 Rfe8 19. Re3 Bd7 20. Rfe1 Bc6 21.
Nf5 Re6 22. Qf4 Qg5 23. Qf2 Qh5 24. Rh3 Qe8 25. Qh4 h5 26. Rg3 Rxe4 27. Rxe4
Nxe4 28. Rxg7+ Kh8 29. Bh6 Ra5 30. Ne7 Rg5 31. Rxg5 Nxg5 32. Bxg5 fxg5 33. Qxg5
Be4 34. Qh6+ Bh7 35. Qf6# 1-0

[Event "I Festival di Pavia A"]
[Site "Vigevano ITA"]
[Date "2009.02.15"]
[Round "4"]
[White "Codenotti, Marco"]
[Black "Tramalloni, Luca"]
[Result "1-0"]
[WhiteElo "1992"]
[BlackElo "2126"]
[PlyCount "45"]
[EventDate "2009.02.13"]

1. e4 e6 2. d3 c5 3. g3 Nc6 4. Bg2 g6 5. Nf3 Bg7 6. O-O d6 7. c3 Nf6 8. a4 O-O
9. Na3 d5 10. e5 Nd7 11. d4 f6 12. exf6 Nxf6 13. Bg5 Qb6 14. Bf4 Ne4 15. Nb5
Qd8 16. Ne5 g5 17. Be3 a6 18. Bxe4 axb5 19. Bc2 Nxe5 20. dxe5 Bxe5 21. Qh5 Qe7
22. Bxc5 Qf7 23. Qxg5+ 1-0

[Event "I Festival di Pavia A"]
[Site "Vigevano ITA"]
[Date "2009.02.15"]
[Round "4"]
[White "Delorme, Axel"]
[Black "Piccoli, Vincenzo"]
[Result "1-0"]
[WhiteElo "2415"]
[BlackElo "2009"]
[PlyCount "39"]
[EventDate "2009.02.13"]

1. e4 c5 2. Nf3 d6 3. c3 Nf6 4. h3 Nbd7 5. Bd3 b6 6. O-O Bb7 7. Re1 e6 8. Bc2
Be7 9. d4 O-O 10. Bg5 Rc8 11. Nbd2 Qc7 12. e5 Nd5 13. c4 Bxg5 14. Nxg5 Nf4 15.
Bxh7+ Kh8 16. g3 f6 17. gxf4 fxg5 18. Qh5 Rxf4 19. Bf5+ Kg8 20. Bxe6+ 1-0

[Event "I Festival di Pavia A"]
[Site "Vigevano ITA"]
[Date "2009.02.15"]
[Round "4"]
[White "Dvirnyy, Danyyil"]
[Black "Rombaldoni, Axel"]
[Result "0-1"]
[WhiteElo "2444"]
[BlackElo "2309"]
[PlyCount "186"]
[EventDate "2009.02.13"]

1. e4 c5 2. Nf3 Nc6 3. Nc3 d6 4. d4 cxd4 5. Nxd4 Nf6 6. Be2 e5 7. Nb3 a5 8. a4
Be7 9. Bg5 Be6 10. Bxf6 Bxf6 11. Nd5 O-O 12. c3 Bg5 13. Bc4 g6 14. O-O Kh8 15.
Kh1 Bh6 16. Qe2 Rc8 17. Rad1 Nb8 18. Bb5 Nd7 19. c4 Nc5 20. Nxc5 Rxc5 21. Nc3
Qe7 22. Rd3 Rxc4 23. Bxc4 Bxc4 24. Rfd1 Rd8 25. Qc2 Bxd3 26. Qxd3 Qh4 27. g3
Qh5 28. Qd5 f5 29. Qe6 Qf3+ 30. Kg1 fxe4 31. Qd5 Rf8 32. Nxe4 Be3 33. Rf1 Rf7
34. Qd3 Bd4 35. Qxf3 Rxf3 36. Nxd6 Rb3 37. Nc4 b6 38. Re1 Kg7 39. Kg2 Rb4 40.
Nxe5 Rxb2 41. Ng4 h5 42. Re7+ Kf8 43. Rd7 Rb4 44. Ne3 Rxa4 45. Nd5 Ra2 46. Kf3
Rxf2+ 47. Ke4 Bc5 48. Nf4 g5 49. Ne6+ Ke8 50. Rc7 Be7 51. Ng7+ Kf7 52. Nf5 Re2+
53. Kd5 Kf6 54. g4 Re5+ 55. Kd4 Bc5+ 56. Kd3 hxg4 57. Nh6 Re3+ 58. Kc4 Re4+ 59.
Kc3 Re3+ 60. Kd2 Rh3 61. Rc6+ Ke5 62. Nxg4+ Kf4 63. Nf6 Rxh2+ 64. Kd3 Rh3+ 65.
Kc4 Kf5 66. Nd5 Rh4+ 67. Kc3 Bd4+ 68. Kd3 Ke5 69. Nxb6 Rh3+ 70. Ke2 Rb3 71.
Nc4+ Kd5 72. Nxa5 Ra3 73. Rg6 Rxa5 74. Rxg5+ Be5 75. Rg4 Ra2+ 76. Ke3 Ra3+ 77.
Kf2 Bd4+ 78. Kg2 Ke5 79. Rg8 Kf4 80. Rf8+ Ke4 81. Re8+ Be5 82. Rf8 Ra7 83. Rg8
Ra2+ 84. Kh1 Kf3 85. Rg2 Bb2 86. Rg5 Bc1 87. Rg2 Ra8 88. Rh2 Kg3 89. Rg2+ Kf3
90. Rh2 Rg8 91. Rg2 Rb8 92. Rh2 Rg8 93. Rg2 Rd8 0-1

[Event "I Festival di Pavia A"]
[Site "Vigevano ITA"]
[Date "2009.02.15"]
[Round "4"]
[White "Efimov, Igor"]
[Black "Kuzevanova, Evgenia"]
[Result "1-0"]
[WhiteElo "2439"]
[BlackElo "2131"]
[PlyCount "87"]
[EventDate "2009.02.13"]

1. Nf3 Nf6 2. c4 g6 3. Nc3 d5 4. cxd5 Nxd5 5. Qa4+ Bd7 6. Qb3 Nb6 7. h4 h5 8.
Ng5 e6 9. d4 Bg7 10. Bf4 Nc6 11. e3 Ne7 12. Be2 Ned5 13. Bg3 Nxc3 14. bxc3 Bc6
15. O-O Qe7 16. a4 a5 17. Rfb1 O-O 18. Bxc7 Nxa4 19. Bg3 b5 20. c4 Nb6 21. cxb5
Bd5 22. Qa3 Qxa3 23. Rxa3 Rfc8 24. Bd6 Bf8 25. Bxf8 Kxf8 26. Nf3 Be4 27. Rba1
a4 28. Ne5 Rc2 29. Bd1 Rb2 30. Bxa4 Nxa4 31. Rxa4 Rxa4 32. Rxa4 Rxb5 33. f3 Bb7
34. Rc4 Ba6 35. Rc6 Rb1+ 36. Kh2 Bf1 37. Rc8+ Ke7 38. Rc7+ Ke8 39. Rxf7 Rb2 40.
Kg3 Rxg2+ 41. Kf4 Rg1 42. Rg7 Rh1 43. Kg5 Rg1+ 44. Kf6 1-0

[Event "I Festival di Pavia A"]
[Site "Vigevano ITA"]
[Date "2009.02.15"]
[Round "4"]
[White "Finocchiaro, Gianluca"]
[Black "Ranfagni, Stefano"]
[Result "1/2-1/2"]
[WhiteElo "2059"]
[BlackElo "2041"]
[PlyCount "87"]
[EventDate "2009.02.13"]

1. e4 e6 2. d4 d5 3. exd5 exd5 4. c4 Nf6 5. Nc3 c6 6. Bd3 Bd6 7. Nge2 Be6 8.
cxd5 Nxd5 9. O-O Nd7 10. Nxd5 Bxd5 11. Nf4 O-O 12. Nxd5 cxd5 13. Qg4 Nf6 14.
Qh3 g6 15. Bg5 Be7 16. Qh4 Qd6 17. Rfe1 Bd8 18. Bh6 Re8 19. Bg5 Ne4 20. Bxd8
Qxd8 21. Qxd8 Raxd8 22. Bxe4 dxe4 23. Rad1 f5 24. Kf1 Kf7 25. Ke2 Kf6 26. g3
Rd5 27. Ke3 Red8 28. Rd2 Rc8 29. Ree2 Rc4 30. h4 h6 31. Re1 a5 32. Rg1 h5 33.
Rgd1 a4 34. a3 b5 35. f3 exf3 36. Kxf3 b4 37. axb4 Rxb4 38. Kf4 Rd6 39. Kf3 g5
40. hxg5+ Kxg5 41. d5 Rb3+ 42. Kg2 a3 43. bxa3 Rxa3 44. Rd4 1/2-1/2

[Event "I Festival di Pavia A"]
[Site "Vigevano ITA"]
[Date "2009.02.15"]
[Round "4"]
[White "Giretti Kanev, Jasen"]
[Black "Borin, Fabio"]
[Result "1-0"]
[WhiteElo "2215"]
[BlackElo "2110"]
[PlyCount "117"]
[EventDate "2009.02.13"]

1. Nf3 c5 2. c4 g6 3. Nc3 Bg7 4. g3 Nc6 5. Bg2 Nf6 6. O-O O-O 7. d4 cxd4 8.
Nxd4 Qb6 9. Ndb5 a6 10. Be3 Qa5 11. Na3 Qh5 12. Bb6 d6 13. Nd5 Nd7 14. Nf4 Qe5
15. Nd3 Qf6 16. Be3 Nde5 17. Nxe5 Qxe5 18. Rb1 Bf5 19. Nc2 Qa5 20. a3 Rab8 21.
Bd2 Qc5 22. e4 Be6 23. b3 a5 24. Be3 Qe5 25. f4 Qc3 26. f5 Bd7 27. Bd2 Qe5 28.
Bf4 Qc5+ 29. Be3 Qe5 30. Bf4 Qc5+ 31. Be3 Qe5 32. g4 b5 33. c5 Rbd8 34. cxd6
exd6 35. Kh1 Qe7 36. g5 Be5 37. Qd5 Rc8 38. Rf2 Nd8 39. Qd2 Bc6 40. Nd4 Ba8 41.
Nxb5 Nc6 42. Rd1 Rfd8 43. Kg1 Rb8 44. a4 Nb4 45. Bd4 Bxd4 46. Qxd4 Qxg5 47.
fxg6 hxg6 48. Rdf1 Nc6 49. Qf6 Qxf6 50. Rxf6 Ne5 51. R1f2 Ng4 52. Rxf7 Nxf2 53.
Rxf2 Bc6 54. Nd4 Ba8 55. Rf6 Kg7 56. Rf2 Re8 57. Re2 Rbd8 58. Rd2 Kh6 59. Nb5
1-0

[Event "I Festival di Pavia A"]
[Site "Vigevano ITA"]
[Date "2009.02.15"]
[Round "4"]
[White "Godena, Michele"]
[Black "Salmoiraghi, Angelo"]
[Result "1-0"]
[WhiteElo "2537"]
[BlackElo "2133"]
[PlyCount "45"]
[EventDate "2009.02.13"]

1. e4 c5 2. Nf3 d6 3. Bc4 Nf6 4. d3 Nc6 5. c3 e6 6. Bb3 Be7 7. O-O O-O 8. Re1
b6 9. Nbd2 Bb7 10. Nf1 Rc8 11. Bf4 Na5 12. Bc2 e5 13. Bd2 c4 14. d4 Nd7 15. Ne3
Re8 16. d5 Ra8 17. b4 cxb3 18. axb3 Bc8 19. b4 Nb7 20. Ra3 a5 21. Bd3 Rb8 22.
Qa1 Qc7 23. Bb5 1-0

[Event "I Festival di Pavia A"]
[Site "Vigevano ITA"]
[Date "2009.02.15"]
[Round "4"]
[White "Guidi, Maurizio"]
[Black "Motyka, Michal"]
[Result "1/2-1/2"]
[WhiteElo "2074"]
[BlackElo "2390"]
[PlyCount "108"]
[EventDate "2009.02.13"]

1. e4 d6 2. d4 Nf6 3. Nc3 c6 4. Be2 Nbd7 5. Nf3 e5 6. O-O Be7 7. Re1 O-O 8. Bg5
Qc7 9. h3 Rd8 10. Bf1 Nf8 11. Qe2 b5 12. a3 a6 13. Rad1 Bb7 14. g3 h6 15. Bc1
a5 16. dxe5 dxe5 17. Rxd8 Rxd8 18. Rd1 Ra8 19. Bg2 b4 20. Nb1 Ba6 21. Qe1 Ne6
22. Bf1 Bb7 23. Nbd2 c5 24. Bd3 Nd4 25. Nxd4 cxd4 26. Nc4 Rc8 27. b3 Nd7 28.
axb4 axb4 29. Bd2 f5 30. f3 Nf6 31. Ra1 fxe4 32. fxe4 Ra8 33. Rxa8+ Bxa8 34.
Kh2 Qc5 35. Qe2 Bd8 36. Qf3 Bc7 37. Qf5 Bc6 38. Bxh6 Qe7 39. Bg5 Bd7 40. Bxf6
gxf6 41. Qg6+ Kh8 42. Qh6+ Kg8 43. g4 Qg7 44. Qxg7+ Kxg7 45. Kg3 Bb5 46. Nd2
Be8 47. h4 Bd8 48. Nc4 Bc7 49. Nd2 Bg6 50. Nc4 Bf7 51. Kf3 Be6 52. Nd2 Bg8 53.
Nc4 Bf7 54. Nd2 Be8 1/2-1/2

[Event "I Festival di Pavia A"]
[Site "Vigevano ITA"]
[Date "2009.02.15"]
[Round "4"]
[White "Korneev, Oleg"]
[Black "Massironi, Marco"]
[Result "1-0"]
[WhiteElo "2613"]
[BlackElo "2182"]
[PlyCount "81"]
[EventDate "2009.02.13"]

1. e4 c5 2. Nf3 d6 3. d4 cxd4 4. Nxd4 Nf6 5. Nc3 a6 6. Be3 e5 7. Nf3 Be7 8. Bc4
O-O 9. O-O Qc7 10. Bb3 Be6 11. Qe2 Rc8 12. Rfd1 Nbd7 13. Ne1 Nb6 14. Bxb6 Qxb6
15. Rab1 Qc6 16. a3 b5 17. Nd5 Bxd5 18. Bxd5 Nxd5 19. Rxd5 f5 20. Rbd1 Rf8 21.
exf5 Rxf5 22. c3 Raf8 23. f3 R5f6 24. Nc2 Bd8 25. Nb4 Qc8 26. R5d3 Bb6+ 27. Kh1
Bc5 28. Nd5 R6f7 29. Qe4 Kh8 30. h3 Qe6 31. Kh2 Qc8 32. R3d2 Qe6 33. a4 Qc8 34.
axb5 axb5 35. b4 Ba7 36. Ra2 Bb8 37. Ra5 Qb7 38. Qd3 e4 39. Qxe4 Bc7 40. Ra2
Rf5 41. Nxc7 1-0

[Event "I Festival di Pavia A"]
[Site "Vigevano ITA"]
[Date "2009.02.15"]
[Round "4"]
[White "Lenic, Luka"]
[Black "Pavasovic, Dusko"]
[Result "1/2-1/2"]
[WhiteElo "2547"]
[BlackElo "2598"]
[PlyCount "21"]
[EventDate "2009.02.13"]

1. e4 e5 2. Nc3 Nf6 3. Bc4 Nxe4 4. Qh5 Nd6 5. Qxe5+ Qe7 6. Qxe7+ Bxe7 7. Bb3
Nf5 8. Nd5 Bd8 9. Nf3 c6 10. Ne3 d5 11. d3 1/2-1/2

[Event "I Festival di Pavia A"]
[Site "Vigevano ITA"]
[Date "2009.02.15"]
[Round "4"]
[White "Napoli, Nicolo'"]
[Black "Rombaldoni, Denis"]
[Result "0-1"]
[WhiteElo "2313"]
[BlackElo "2418"]
[PlyCount "38"]
[EventDate "2009.02.13"]

1. g3 e5 2. Bg2 Nc6 3. c3 d5 4. d4 e4 5. c4 dxc4 6. d5 Nb4 7. Bxe4 Nf6 8. Bg5
Bc5 9. Nc3 O-O 10. a3 Na6 11. Nf3 Nxe4 12. Nxe4 f6 13. d6 fxg5 14. Qd5+ Kh8 15.
Nxc5 Rf5 16. Nxb7 Qe8 17. Qd2 Bxb7 18. d7 Qe7 19. O-O-O Rd8 0-1

[Event "I Festival di Pavia A"]
[Site "Vigevano ITA"]
[Date "2009.02.15"]
[Round "4"]
[White "Pedini, Dario"]
[Black "Rudolf, Anna"]
[Result "0-1"]
[WhiteElo "2153"]
[BlackElo "2316"]
[PlyCount "84"]
[EventDate "2009.02.13"]

1. e4 e6 2. d4 d5 3. e5 c5 4. c3 Nc6 5. Nf3 Bd7 6. a3 f6 7. b4 c4 8. g3 Qc7 9.
Qe2 O-O-O 10. Bg2 f5 11. Ng5 Nh6 12. h4 Be7 13. Nd2 Rdf8 14. f4 Nd8 15. a4 Kb8
16. Nf1 Ng4 17. Bf3 h6 18. Nh3 Be8 19. a5 Qd7 20. Nf2 Nxf2 21. Kxf2 g5 22. hxg5
hxg5 23. Rxh8 Rxh8 24. fxg5 Nf7 25. g6 Ng5 26. g7 Rg8 27. Bxg5 Bxg5 28. Ne3 f4
29. Ng4 fxg3+ 30. Kg2 Qxg7 31. Rh1 Bg6 32. Nf6 Bxf6 33. exf6 Qxf6 34. Qe5+ Qxe5
35. dxe5 Bf5 36. Rh5 d4 37. cxd4 c3 38. Rh1 c2 39. Rc1 Rd8 40. d5 exd5 41. Kxg3
d4 42. Kf4 Rf8 0-1

[Event "I Festival di Pavia A"]
[Site "Vigevano ITA"]
[Date "2009.02.15"]
[Round "4"]
[White "Pomaro, Alberto"]
[Black "Fedorchuk, Sergey A."]
[Result "0-1"]
[WhiteElo "2254"]
[BlackElo "2633"]
[PlyCount "60"]
[EventDate "2009.02.13"]

1. d4 Nf6 2. c4 e6 3. Nf3 b6 4. a3 Bb7 5. Nc3 d5 6. cxd5 Nxd5 7. Qc2 Be7 8. e4
Nxc3 9. bxc3 O-O 10. Bd3 c5 11. O-O Qc7 12. Qe2 Nd7 13. Bb2 Rac8 14. Nd2 Bg5
15. Rad1 e5 16. dxe5 Nxe5 17. Bc2 Bf4 18. g3 Bxd2 19. Rxd2 c4 20. a4 f5 21. f4
Nd3 22. Bxd3 cxd3 23. Qxd3 Rfd8 24. Qe3 Rxd2 25. Qxd2 Rd8 26. Qe2 Qc5+ 27. Qf2
Qc4 28. h3 Qxe4 29. Kh2 Rd3 30. Re1 Re3 0-1

[Event "I Festival di Pavia A"]
[Site "Vigevano ITA"]
[Date "2009.02.15"]
[Round "4"]
[White "Pulito, Alberto"]
[Black "Kusnetsov, Mark"]
[Result "1-0"]
[WhiteElo "2251"]
[BlackElo "2038"]
[PlyCount "95"]
[EventDate "2009.02.13"]

1. e4 e5 2. Nf3 Nf6 3. Nc3 Bb4 4. Bc4 Nc6 5. O-O O-O 6. d3 Bxc3 7. bxc3 d5 8.
exd5 Nxd5 9. Ng5 h6 10. Qf3 Nce7 11. Ne4 c6 12. Qg3 Ng6 13. d4 Bf5 14. Nc5 b5
15. Bb3 Ndf4 16. Re1 Re8 17. Be3 Qc8 18. dxe5 Nh5 19. Qf3 Bg4 20. Bxf7+ Kf8 21.
Ne6+ Qxe6 22. Bc5+ Ne7 23. Bxe6+ Bxf3 24. gxf3 Nf4 25. Bb3 g5 26. Rad1 Rad8 27.
Rd6 Nfd5 28. Rxc6 Kg7 29. Rd6 Rc8 30. Bxa7 Nf4 31. Bd4 Nf5 32. Rd7+ Re7 33. e6+
Kg6 34. Rxe7 Nxe7 35. Re5 b4 36. cxb4 Nc6 37. Bb2 Nxe5 38. Bxe5 Nxe6 39. Bxe6
Re8 40. Bd5 Rxe5 41. c4 Kf6 42. a4 Re1+ 43. Kg2 Rb1 44. b5 Ra1 45. c5 Ke5 46.
Be4 Rxa4 47. b6 Rb4 48. c6 1-0

[Event "I Festival di Pavia A"]
[Site "Vigevano ITA"]
[Date "2009.02.15"]
[Round "4"]
[White "Radice, Luca"]
[Black "Stella, Andrea"]
[Result "0-1"]
[WhiteElo "2096"]
[BlackElo "2273"]
[PlyCount "98"]
[EventDate "2009.02.13"]

1. e4 c5 2. Nf3 d6 3. d4 cxd4 4. Nxd4 Nf6 5. Nc3 g6 6. g3 Bg7 7. Bg2 O-O 8. O-O
a6 9. h3 Bd7 10. Be3 Nc6 11. Nxc6 Bxc6 12. Qd2 Re8 13. Rfe1 Rc8 14. Nd5 Bxd5
15. exd5 Nd7 16. c3 Nb6 17. Bxb6 Qxb6 18. Re4 Rc7 19. Rae1 Qc5 20. h4 b5 21. h5
Bf6 22. h6 Rb8 23. Qf4 Be5 24. Rxe5 dxe5 25. Qxe5 f6 26. Qe6+ Kf8 27. Re3 Rb6
28. Qg4 Rd6 29. a3 Qc4 30. Qd1 Qa4 31. Qe2 Qc4 32. Qd1 Rcd7 33. Qe1 Rxd5 34.
Bxd5 Qxd5 35. Re6 Qf3 36. Re2 Qh5 37. Rd2 Rd5 38. Kg2 Kf7 39. Qe3 Re5 40. Qd4
Qxh6 41. a4 Re1 42. Qd5+ Kg7 43. g4 Qh1+ 44. Kg3 Rg1+ 45. Kf4 Qh6+ 46. Kf3 Qh3+
47. Ke2 Qxg4+ 48. Kd3 Qxa4 49. Qd7 Re1 0-1

[Event "I Festival di Pavia A"]
[Site "Vigevano ITA"]
[Date "2009.02.15"]
[Round "4"]
[White "Sbarra, Marco"]
[Black "Genocchio, Daniele"]
[Result "1/2-1/2"]
[WhiteElo "2191"]
[BlackElo "2440"]
[PlyCount "49"]
[EventDate "2009.02.13"]

1. d4 Nf6 2. c4 e6 3. Nc3 c5 4. d5 exd5 5. cxd5 d6 6. e4 g6 7. f4 Bg7 8. Bb5+
Nbd7 9. e5 dxe5 10. fxe5 Nh5 11. e6 Qh4+ 12. Kd2 fxe6 13. dxe6 O-O 14. exd7
Rf2+ 15. Nge2 Bxd7 16. Bxd7 Rd8 17. Qb3+ c4 18. Qb5 Nf6 19. g3 Qd4+ 20. Ke1
Rxe2+ 21. Nxe2 Qe4 22. Rf1 Nxd7 23. Rf4 Qh1+ 24. Rf1 Qe4 25. Rf4 1/2-1/2

[Event "I Festival di Pavia A"]
[Site "Vigevano ITA"]
[Date "2009.02.15"]
[Round "4"]
[White "Sgnaolin, Davide"]
[Black "Bentivegna, Francesco"]
[Result "0-1"]
[WhiteElo "2209"]
[BlackElo "2360"]
[PlyCount "44"]
[EventDate "2009.02.13"]

1. e4 c5 2. c3 e5 3. d4 exd4 4. cxd4 cxd4 5. Nf3 Nc6 6. Bc4 Nf6 7. O-O Bc5 8.
e5 d5 9. exf6 dxc4 10. fxg7 Rg8 11. Re1+ Be6 12. Ng5 Qd5 13. Nc3 Qf5 14. Nce4
O-O-O 15. g4 Qe5 16. f4 d3+ 17. Kg2 Qd5 18. Kg3 Nd4 19. Nf6 Ne2+ 20. Rxe2 dxe2
21. Qxe2 Qd3+ 22. Qf3 Qxf3+ 0-1

[Event "I Festival di Pavia A"]
[Site "Vigevano ITA"]
[Date "2009.02.15"]
[Round "4"]
[White "Solodovnichenko, Yuri"]
[Black "Lupik, Marina"]
[Result "1-0"]
[WhiteElo "2571"]
[BlackElo "2163"]
[PlyCount "43"]
[EventDate "2009.02.13"]

1. e4 c5 2. Nc3 a6 3. Nge2 d6 4. g3 b5 5. Bg2 Bb7 6. d4 cxd4 7. Nxd4 Nf6 8. O-O
Nbd7 9. Re1 e6 10. e5 Bxg2 11. exf6 Bh3 12. Qh5 Qxf6 13. Be3 Bf5 14. Nd5 Qd8
15. Bg5 Qc8 16. Nxe6 Ne5 17. Rxe5 dxe5 18. Ndc7+ Kd7 19. Qxf7+ Kc6 20. Qxf5 Rb8
21. Qe4+ Kb6 22. Nd5+ 1-0

[Event "I Festival di Pavia A"]
[Site "Vigevano ITA"]
[Date "2009.02.15"]
[Round "4"]
[White "Tocchioni, Doriano"]
[Black "Sorcinelli, Francesco"]
[Result "1-0"]
[WhiteElo "2264"]
[BlackElo "2116"]
[PlyCount "117"]
[EventDate "2009.02.13"]

1. d4 c5 2. d5 g6 3. e4 Bg7 4. f4 d6 5. Nf3 Bg4 6. Bb5+ Nd7 7. O-O a6 8. Be2
Bxf3 9. Bxf3 Ngf6 10. a4 O-O 11. Qe2 Ne8 12. Nc3 Nc7 13. Bd2 Rb8 14. Nd1 b5 15.
Bc3 Bxc3 16. Nxc3 b4 17. Nd1 e6 18. Ne3 exd5 19. Nxd5 Nxd5 20. exd5 Qf6 21. Kh1
a5 22. Bg4 Nb6 23. f5 g5 24. Rad1 Nd7 25. b3 Rfe8 26. Qd2 Ne5 27. Be2 Re7 28.
Rde1 Rc8 29. Ba6 Rcc7 30. Qd1 Ra7 31. Bb5 g4 32. Re4 h5 33. Qe1 Kg7 34. Qe3 Ra8
35. Qf4 Rh8 36. Be2 Rhe8 37. Bb5 Rg8 38. Ree1 Ng6 39. Qd2 Rxe1 40. Qxe1 Ne5 41.
c3 Rc8 42. Qc1 Rc7 43. cxb4 axb4 44. a5 Ra7 45. a6 Kg8 46. Qf4 Kh7 47. Qe3 Qh6
48. Qe2 f6 49. Bc6 Qg7 50. Ra1 Qe7 51. Bb5 Qf7 52. Qe4 Re7 53. Rd1 Nc6 54. Qf4
Nd4 55. Bc4 Re5 56. Ra1 Qa7 57. h3 gxh3 58. gxh3 Rxf5 59. Bd3 1-0

[Event "I Festival di Pavia A"]
[Site "Vigevano ITA"]
[Date "2009.02.15"]
[Round "5"]
[White "Bentivegna, Francesco"]
[Black "Guidi, Maurizio"]
[Result "1-0"]
[WhiteElo "2360"]
[BlackElo "2074"]
[PlyCount "67"]
[EventDate "2009.02.13"]

1. e4 c5 2. c3 g6 3. d4 cxd4 4. cxd4 Bg7 5. Nc3 d6 6. Nf3 Nc6 7. h3 Bd7 8. Be3
Qa5 9. Be2 Nf6 10. O-O O-O 11. d5 Ne5 12. Nd2 Be8 13. f4 Ned7 14. Nc4 Qc7 15.
Rc1 Nc5 16. e5 Nh5 17. b4 Na6 18. Ne4 Qd8 19. g4 f5 20. Ng5 Ng3 21. Ne6 Qb8 22.
Bd4 b5 23. Nxg7 bxc4 24. Ne6 Nxf1 25. Nxf8 Ng3 26. Ne6 Qxb4 27. Kh2 Nxe2 28.
Qxe2 Rc8 29. gxf5 gxf5 30. Bc3 Qa3 31. Rg1+ Bg6 32. exd6 Nb4 33. Nc7 Qxa2 34.
Bb2 1-0

[Event "I Festival di Pavia A"]
[Site "Vigevano ITA"]
[Date "2009.02.15"]
[Round "5"]
[White "Borin, Fabio"]
[Black "Finocchiaro, Gianluca"]
[Result "0-1"]
[WhiteElo "2110"]
[BlackElo "2059"]
[PlyCount "149"]
[EventDate "2009.02.13"]

1. d4 Nf6 2. c4 c5 3. d5 b5 4. cxb5 a6 5. Nc3 d6 6. e4 g6 7. f4 axb5 8. Bxb5+
Bd7 9. e5 Bxb5 10. Nxb5 Qa5+ 11. Nc3 Ne4 12. Bd2 Nxd2 13. Qxd2 Bg7 14. exd6
exd6 15. Qe3+ Kd8 16. Nge2 Re8 17. Qd3 Bd4 18. O-O-O Be3+ 19. Kb1 Na6 20. Qb5
Nc7 21. Qxa5 Rxa5 22. Rhf1 Nb5 23. Nxb5 Rxb5 24. Rf3 Kd7 25. g3 c4 26. Nc3 Rb7
27. Re1 Bd4 28. Rxe8 Kxe8 29. Kc2 Re7 30. a4 Re1 31. b3 cxb3+ 32. Kxb3 Rh1 33.
h4 Ra1 34. Ne4 Kd7 35. Rd3 Bg7 36. Kb4 Kc7 37. Nd2 Rd1 38. Kb3 Kb7 39. Kc2 Ra1
40. Nc4 Bf8 41. Rb3+ Ka7 42. Re3 Rxa4 43. Kb3 Ra1 44. Kc2 Rg1 45. Re8 Rg2+ 46.
Kd1 Rg1+ 47. Ke2 Bg7 48. Re7+ Ka6 49. Rxf7 Bd4 50. Rxh7 Rxg3 51. Nxd6 Bc5 52.
Nc4 Rc3 53. Ne5 Rg3 54. Rh6 Re3+ 55. Kd2 Re4 56. Rxg6+ Kb5 57. Nd3 Rd4 58. Kc2
Rc4+ 59. Kb2 Bd4+ 60. Kb1 Rc3 61. Rg3 Bf2 62. Kb2 Bd4 63. Kb1 Bf2 64. Kb2 Bd4
65. Ka2 Rc2+ 66. Kb1 Rc3 67. Rf3 Ra3 68. Ne5 Ra1+ 69. Kc2 Kc5 70. Rd3 Ra2+ 71.
Kb3 Rb2+ 72. Ka3 Rf2 73. Nf3 Bf6 74. Ng5 Kc4 75. Rf3 0-1

[Event "I Festival di Pavia A"]
[Site "Vigevano ITA"]
[Date "2009.02.15"]
[Round "5"]
[White "Calavalle, Giulio"]
[Black "Godena, Michele"]
[Result "0-1"]
[WhiteElo "2267"]
[BlackElo "2537"]
[PlyCount "102"]
[EventDate "2009.02.13"]

1. e4 e5 2. Bc4 Nf6 3. Nc3 Nc6 4. d3 Na5 5. Nge2 c6 6. Ng3 Bb4 7. Bd2 Nxc4 8.
dxc4 O-O 9. O-O d6 10. Nd5 Nxd5 11. cxd5 Bc5 12. b4 Bd4 13. c3 Bb6 14. Be3 cxd5
15. Qxd5 Bxe3 16. fxe3 Qc7 17. Qd3 Be6 18. Rfd1 Rfd8 19. Rac1 Rac8 20. Rc2 d5
21. Rcd2 h5 22. h3 h4 23. Ne2 Qe7 24. exd5 Rxd5 25. Qe4 Rc4 26. Qc2 Rxd2 27.
Qxd2 Rc8 28. e4 g6 29. Kh2 Kg7 30. Ng1 Qf6 31. Nf3 Qf4+ 32. Qxf4 exf4 33. Rc1
Rc4 34. Nd4 Kf6 35. Kg1 Bd7 36. Nb3 Rxe4 37. Nc5 Re7 38. Nxb7 Re2 39. Na5 f3
40. gxf3 Bxh3 41. Nc6 Rg2+ 42. Kh1 Rxa2 43. Nd4 Ke5 44. Rc2 Rxc2 45. Nxc2 Kf4
46. Nd4 Bd7 47. b5 Ke5 48. f4+ Kd5 49. Kh2 Kc4 50. Nc6 Kxb5 51. Ne5 Be6 0-1